| 000 | 00955nas a2200301 4500 | ||
|---|---|---|---|
| 001 | BR2012002853 | ||
| 003 | BR-BrBNA | ||
| 005 | 20231205120451.0 | ||
| 007 | ta | ||
| 008 | 230509b bl.|||p| |||| 00| 00por d | ||
| 040 |
_aBR-BrBNA _bpor _cBiblioteca Nacional de Agricultura |
||
| 041 | _a(Pt) | ||
| 072 | _aN10 | ||
| 100 | 1 | _aCardoso, A. de S. | |
| 100 | 1 | _aBaeta, F. da C. | |
| 100 | 1 | _aTinoco, I. de F.F. | |
| 100 | 1 | _aCardoso, V.A. da S. | |
| 245 | 1 | _aCoberturas com materiais alternativos de instalações de produção animal com vistas ao conforto térmico | |
| 650 | _aINSTALAÇÃO PARA ANIMAL | ||
| 650 | _aAVICULTURA | ||
| 650 | _aBOVINOCULTURA | ||
| 650 | _aBEM-ESTAR | ||
| 650 | _aPRODUÇÃO ANIMAL | ||
| 650 | _aENGENHARIA AGRÍCOLA | ||
| 773 | 0 |
_tEngenharia na Agricultura (Brazil) _xISSN 1414-3984 _g(Sep-Oct 2011), v. 19(5) p. 404-421 _wBR2012002853 |
|
| 909 |
_a202311 _bLúcia _c55 _dLúcia Elande |
||
| 942 |
_2AGRIS _n0 _cANA |
||
| 999 |
_c218652 _d218652 |
||